On This Day (July 25th) Multiple Choice - Statistics

General Stats
  • This quiz has been taken 11 times
  • The average score is 8 of 15
Answer Stats
Question Answer % Correct
1961 – Cold War: In a speech John F. Kennedy emphasizes that any attack on which city is an attack on NATO ? Berlin
100%
1965 – Which artist goes electric at the Newport Folk Festival, signaling a major change in folk and rock music ? Bob Dylan
100%
1909 – Louis Blériot makes the first flight across which body of water in a heavier-than-air machine ? English Channel
100%
1978 – Louise Joy Brown is born in Oldham, UK. What is her claim to fame ? First "Test Tube" Baby
100%
2000 – Concorde Air France Flight 4590 crashes at which airport ? Paris Charles de Gaulle
100%
1554 – Mary I marries Philip II of Spain in which English cathedral ? Winchester
100%
1792 – The Brunswick Manifesto is issued to the population of which city promising vengeance if the French royal family is harmed ? Paris
50%
1978 – Police shoot two nationalists in the Cerro Maravilla murders in which overseas territory ? Puerto Rico
50%
1940 – General Henri Guisan orders the army of which country to resist German invasion and makes surrender illegal ? Switzerland
50%
1797 – Horatio Nelson loses more than 300 men and his right arm during the failed conquest attempt of which island ? Tenerife
50%
1609 – The English ship "Sea Venture", en route to Virginia, is driven ashore during a storm to prevent its sinking; the survivors go on to found a new colony there. But where ? Bermuda
0%
1137 – Eleanor of Aquitaine marries Prince Louis, later King Louis VII of France, at the Cathedral of Saint-André in which French city ? Bordeaux
0%
1996 – Pierre Buyoya deposes Sylvestre Ntibantunganya in a military coup in which African country ? Burundi
0%
1917 – Sir Robert Borden introduces the first income tax as a "temporary" measure in which country ? Canada
0%
2019 – National extreme heat records set this day in the UK, Belgium and which other country during the July 2019 European heat wave ? Germany
0%
No matching quizzes found
Score Distribution
Percent of People with Each Score
Percentile by Number Answered
Your Score History
You have not taken this quiz